Guess the U.S. City by Satellite Images - Statistics

General Stats
  • This quiz has been taken 21 times
  • The average score is 7 of 10
Answer Stats
Satellite image Answer % Correct
New York City
100%
Phoenix
84%
Chicago
79%
Los Angeles
79%
Philadelphia
74%
San Diego
74%
Houston
58%
Dallas
42%
Jacksonville
37%
San Antonio
26%
No matching quizzes found
Score Distribution
Percent of People with Each Score
Percentile by Number Answered
Your Score History
You have not taken this quiz